01188nam a22003257a 4500003000500000005001700005008004100022010001000063011001000073035001000083040000900093082001900102100002600121245010200147250001300249260003300262300002000295590004100315590004100356590004100397590004100438590004200479650005000521700004100571901000700612942001000619949007700629999001700706952013900723CHAP20220329135535.0971013s1968 r 00010 d a38226 a39198 a43318 cCHAP a664.1bP3 196800aPayne, John H.986326 aSugar cane factory analytical controlb: the official methods of the Hawaiian sugar technologists aRev. ed. aAmsterdan :bElsevier,c1968 a190 p.b: ilus. aBATCH-UPDb10c20130110lUCH01h0045 aBATCH-UPDb10c20130110lUCH01h2148 aBATCH-UPDb10c20130409lUCH01h2031 aBATCH-UPDb10c20130914lUCH01h0510 aCONVERSIONb10c20130109lUCH01h132114aAzúcarxFabricación y refinación.991520 aHawaiian Sugar Technologists.953125 aBK cLIBRO a664.1 P3 1968bBCcLIBROd33724000115978eLIBROh29395i43318sit250.00 c38226d38226 00102ddc4052708GRALaBCbBCcPP_GRALd2019-12-31fLIBROl0o664.1 P3 1968p33724000115978r2019-12-31 00:00:00w2019-12-31yLIBRO